Geography Quiz

Random Geography or Blitz Quiz

Blitz: Countries Ending in 'S' per Letter Quiz Stats

 Plays Quiz Updated Mar 31, 2016

Challenge
Share
Tweet
Embed
Score 0/9 Timer 01:30
0 Plays Today
Letter Country % Correct
BBahamas, Barbados, Belarus
87.5%
LLaos
84.8%
HHonduras
80.9%
MMaldives, Marshall Islands, Mauritius
72.2%
CComoros, Cyprus
68.9%
SSt. Kitts and Nevis, St. Vincent and the Grenadines, Seychelles, Solomon Islands
64.1%
UUnited Arab Emirates
50%
PPhilippines
49.9%
NNetherlands
42.7%

You're not logged in!

Compare scores with friends on all Sporcle quizzes.
OR
Log In

You Might Also Like...

Show Comments

Extras

Top Quizzes Today


Score Distribution

Your Account Isn't Verified!

In order to create a playlist on Sporcle, you need to verify the email address you used during registration. Go to your Sporcle Settings to finish the process.

Report this User

Report this user for behavior that violates our Community Guidelines.

Details: